Analysis of the national energy policies of the OECD countries

Saved in:
Bibliographic Details
Main Author: Pinček, Michal (Author)
Other Authors: Kubica, Juraj (Thesis advisor)
Format: Manuscript Book
Language:Slovak
English
Published: 2016
Subjects:
Online Access:http://is.stuba.sk/zp/portal_zp.pl?podrobnosti=131280
Tags: Add Tag
No Tags, Be the first to tag this record!

MARC

LEADER 00000ntm a22000003a 4500
001 stuzp49851
003 SK-STU
005 20160719153413.1
007 ta
008 150427s2015----xo-----f-mn---000-0-slo-d
040 |a STU  |b slo 
041 0 |a eng 
044 |a xo 
100 1 |a Pinček, Michal  |u 032000  |k Z4  |4 aut  |U FEI Fakulta elektrotechniky a informatiky  |T FEI Ústav elektroenergetiky a aplikovanej elektrotechniky  |X 9042  |U E020  |Y 548  |7 A000009042 
242 0 1 |a Analýza národných energetických koncepcií krajín OECD  |y slo 
245 1 0 |a Analysis of the national energy policies of the OECD countries 
260 |c 2016 
300 |a 74 s. 
650 4 |a Energetická politika  |2 slo 
650 4 |a OECD  |2 slo 
650 4 |a Spotreba energií  |2 slo 
650 4 |a Obnoviteľné zdroje energie  |2 slo 
650 4 |a OECD  |2 eng 
650 4 |a Energy policy  |2 eng 
650 4 |a Energy consumption  |2 eng 
650 4 |a Renewable energy sources  |2 eng 
700 1 |a Kubica, Juraj  |u 032000  |k Z2  |4 ths  |U FEI Fakulta elektrotechniky a informatiky  |T FEI Ústav elektroenergetiky a aplikovanej elektrotechniky  |X 5209  |U E020  |Y 548  |7 A000005209 
856 4 |u http://is.stuba.sk/zp/portal_zp.pl?podrobnosti=131280 
996 |b 284EP11312  |c E*DIPL- 11312  |l EE32  |s P  |a 0  |w stuzp49851_0001 
SQL |a stuzp49851  |b DDP  |c ENG  |d Analysis of the national energy policies of the OECD countries  |e 9042  |f Pinček, Michal  |g 032000  |h 5209  |i Kubica, Juraj  |j 20160614  |k 1171  |l 03  |m http://is.stuba.sk/zp/portal_zp.pl?podrobnosti=131280  |n I-ENE  |o 5.2.9. elektrotechnika